000 00291nam a2200121Ia 4500
008 220204s9999 xx 000 0 und d
082 _a546.23
_bZIN
245 0 _aSelenium
260 _aNew York
_bVan Nostrand
_c1974
700 _aCooper, W Charles
700 _aZingaro, Ralph
942 _cBK
999 _c25632
_d25632